00506 2200205 4500001002100000005001500021008004100036020001800077035001900095041000600114082001200120090001800132100002000150700001600170245003500186260002900221300003100250500000600281650001300287INLIS00000000000494620241224113016241224||||||||| | ||| |||| ||  a979-794-314-3 0010-1224004946 a00 a005.262 a005.262 AND b0 aAndrea Adelheid0 aKhairil Nst00aBuku Pintar Mengusai PHP MYSQL aJakartabMediakitac2012 avi, 162 hlm.; ilus.: 21 cm a1 0aKomputer